A We Love Kreatív Kft. online marketing tevékenysége

Bibliographic Details
Main Author: Petri Csenge
Other Authors: Sipos Erika
Format: Project work
Kulcsszavak:Online marketing eszközök
Marketing kommunikáció
Marketing mix
Online Access:http://dolgozattar.uni-bge.hu/22508

MARC

LEADER 00000nnm a2200000 i 4500
001 dolg22508
005 20190828100703.0
008 190516suuuu hu o 000 hun d
040 |a BGE Dolgozattár Repozitórium  |b hun 
041 |a hu 
100 1 |a Petri Csenge 
245 1 2 |a A We Love Kreatív Kft. online marketing tevékenysége  |c Petri Csenge  |h [elektronikus dokumentum] 
246 1 1 |a A We Love Kreatív Kft. online marketing tevékenysége 
516 |a Project_work 
695 |a Online marketing eszközök 
695 |a Marketing kommunikáció 
695 |a Marketing mix 
700 1 |a Sipos Erika  |e ths 
856 4 0 |u http://dolgozattar.uni-bge.hu/22508/1/Projektmunka.pdf  |z Dokumentum-elérés